000 01477 a2200205 4500
001 54261
005 20260407155813.0
008 260407a1971 arg spa d
003 AR-UNSa-BCEJYS
040 _aAR-UNSa-BCEJYS
_bspa
_cAR-UNSa-BCEJYS
080 _a330.1
_xCiencia económica. Conceptos fundamentales de teoría económica. Valor. Capital. Fondos
245 1 0 _aReconstrucción de la economía
264 1 _aBuenos Aires :
_bEl Ateneo
_c1971
300 _axii, 334 p.
_c22 cm.
505 _aParte I: Microeconomía - 1. Una introducción ecológica - 2. El individuo social y el organismo económico - 3. La teoría del organismo económico - 4. El comerciante en un mercado imperfecto - 5. La teoría general de la preferencia - 6. La teoría de la producción y del inventario - 7. Expectativas,juego y seguro - 8. La teoría del consumo - 9. El equilibrio de la producción y el consumo - Parte II: Macroeconomía - 10. La naturaleza y significación de los agregados económicos - 11. La estructura de los agregados macroeconómicos: I. Capital y renta - 12. La estrutura de los agregados macroeconómicos: II. La teoría de los pagos - 13. La teoría de la producción y el empleo - 14. Una teoría macroeconómica de la distribución - 15. Dinero,deuda e interés - 16. La economía del gobierno - 17. La teoría de la distribución de la renta
041 _aspa
942 _cBK
590 _aniveau_biblio:m niveau_hierar:0
100 1 _aBoulding, Kenneth E.
999 _c5431
_d5431